000 00384nam a2200145Ia 4500
008 230917s9999||||xx |||||||||||||| ||und||
040 _e49907
_aMAIN
041 _aEnglish
082 _a181.4 S64H
100 _aSingh, Karan
245 0 _aHumanity at the crossroads: An intercultural dialogue
260 _aDelhi
_bOxford University Press
_c1988
300 _av, 132 p.
942 _cBK
999 _c61036
_d61036